|
|
|
|
| LEADER |
00000cam a2200000 7i4500 |
| 001 |
0000014481 |
| 005 |
20090216.0 |
| 008 |
090213 my # may |
| 020 |
|
|
|a 9789678919265
|
| 040 |
|
|
|a INS
|
| 090 |
0 |
0 |
|a KPG1750
|b M35 2006
|
| 110 |
0 |
|
|a Malaysia
|
| 245 |
0 |
0 |
|a Panduan undang-undang umum :
|b hingga 20hb Ogos 2008
|c disusun oleh Lembaga Penyelidikan Undang-undang
|
| 260 |
|
|
|a Petaling Jaya :
|b International Law Book Services ,
|c 2008
|
| 300 |
|
|
|a 636ms. :
|b il. ;
|c 24cm.
|
| 650 |
|
0 |
|a Constitutions law
|z Malaysia
|
| 650 |
|
0 |
|a Pensions
|x Law and legislation
|z Malaysia
|
| 710 |
1 |
|
|a Lembaga Penyelidikan Undang-undang
|
| 999 |
|
|
|a 0000020502
|b BOOK
|c Acts
|e Default branch
|